• 首页
  • 本馆介绍
  • 公告通知
  • 最新文献
  • 馆藏检索
  • 电子资源
  • 读者导购
  • 参考咨询
  • 我的图书馆
  • 登录
  • 详细信息显示
  • 放入我的书架
  • 预约/预借图书
  • 作者相关作品
  • 分类相关作品
  • 丛书相关作品
  • 出版社相关作品

书目信息

  • 表格格式
  • 工作单格式
  • 卡片格式
书名: Harvest
作者: by Yeh Tzu [pseud. Translated by Tang Sheng and Ma Ching-chun].
分册号:
分册名:
出版地: Peking :
 
出版社: Foreign Languages Press
出版时间: 1960.
页数: 162 p. ;
开本: 20cm.
丛书名:
中图分类号:
科图分类号:
其他分类号: H319.4
主题词:
电子资源:
000 00638nam 2200229I 4504
001 E0736441608
005 20070210100843.37
008 031230s1960 cc 001 0 eng u
010    @a61028139
020    @cCNY1.40.
040    @cWIT@dAKR
050  0 @aPZ3.Y908@bHar2
090    @aK276/W8
090    @aH319.4
099    @dH319.4@ex489=2
100 1  @aYe, Zi (叶紫)
240 00 @aFeng Shou (丰收)
245 10 @aHarvest / @cby Yeh Tzu [pseud. Translated by Tang Sheng and Ma Ching-chun].
260    @aPeking :@bForeign Languages Press,@c1960.
300    @a162 p. ;@c20cm.
500    @aShort stories.
920    @a232010@z2
    
    Harvest / / by Yeh Tzu [pseud. Translated by Tang Sheng and Ma Ching-chun].-Peking : : Foreign Languages Press, , 1960.
    162 p. ; ; 20cm.
    Short stories.
    
    ISBN CNY1.40.
    
●
相关链接 在E读中查询图书 在五车中查询图书 在当当中查询图书 在豆瓣中查询图书


正题名:Harvest     索取号:H319.4/x489=2         预约/预借

序号 登录号 条形码 馆藏地/架位号 状态 备注
1 04433   000446173   第四借阅区/ [索取号:H319.4/x489=2] 在馆    
2 04434   000446805   第四借阅区/ [索取号:H319.4/x489=2] 在馆    
3 47913   000446887   第四借阅区/ [索取号:H319.4/x489=2] 在馆    
唐山师范学院图书馆 欢迎您!
大连网信软件有限公司© 版权所有